En La Luna (Eskorbuto) - Letra Completa - Estadísticas

Estadísticas generales
  • Esta prueba ha sido intentada 18 veces
  • La puntuación promedio es 92 de 148
Estadísticas de respuestas
Hint Respuesta % Correcto
. a
100%
. en
100%
. la
100%
. luna
100%
. Que
86%
. que
86%
. un
86%
. y
86%
(x22) | (x47) Y
86%
. el
71%
. lo
71%
. me
71%
(x22) | (x47) asi
57%
. cuando
57%
. nena
57%
. no
57%
. No
57%
(x22) | (x47) seguire
57%
. si
57%
. te
57%
. yo
57%
. Yo
57%
. al
43%
. almohada
43%
. cama
43%
. casa
43%
. cigarro
43%
. como
43%
. con
43%
. contigo
43%
. demente
43%
. desgracia
43%
. despierten
43%
. despierto
43%
. duermo
43%
. entero
43%
. estes
43%
. estoy
43%
. gusto
43%
. jode
43%
. llamen
43%
. locuras
43%
. mal
43%
. manta
43%
. muerto
43%
. ni
43%
. padezco
43%
. Por
43%
. postura
43%
. putada
43%
. quedo
43%
. quemo
43%
. reloj
43%
. sabras
43%
. siempre
43%
. soñando
43%
. soporto
43%
. suene
43%
. sueño
43%
. sufro
43%
. tan
43%
. telefono
43%
. timbre
43%
. toque
43%
. traspuesto
43%
. Vaya
43%
. vea
43%
No se encontraron pruebas coincidentes
Distribución de puntuación
Porcentaje de gente con cada puntuación
Porcentaje por número respondido
Historial de tus puntuaciones
No has intentado esta prueba.